Physically handicapped in India (Record no. 433482)

000 -LEADER
fixed length control field 00333cam a22001217a 4500
008 - FIXED-LENGTH DATA ELEMENTS--GENERAL INFORMATION
fixed length control field 180718b1962 xxu||||| |||| 00| 0 eng d
082 ## - DEWEY DECIMAL CLASSIFICATION NUMBER
Classification number Q6x54 B469p
100 ## - MAIN ENTRY--PERSONAL NAME
Personal name Bhatt, Usha
245 ## - TITLE STATEMENT
Title Physically handicapped in India
Statement of responsibility, etc. by Usha Bhatt
260 ## - PUBLICATION, DISTRIBUTION, ETC.
Place of publication, distribution, etc. Bombay
Name of publisher, distributor, etc. Popular
Date of publication, distribution, etc. 1962
300 ## - PHYSICAL DESCRIPTION
Extent 276p.
650 ## - SUBJECT ADDED ENTRY--TOPICAL TERM
Topical term or geographic name entry element Physically handicapped-India
Holdings
Withdrawn status Lost status Damaged status Not for loan Permanent Location Current Location Date acquired Full call number Barcode Date last seen Price effective from Koha item type
        Indian Institute of Public Administration Indian Institute of Public Administration 2010-02-09 Q6x54 B469p 33459 2018-07-21 2018-07-21 Book

Powered by Koha